000 00480nam a2200157 a 4500
008 120416s1979 ||||||||||||||||| || u
020 _a0002221349
050 _aPR 9110.A3C6
100 _aFagyas, Maria
245 1 0 _aCourt of honour
260 _aLondon
_bCollins
_c1979
300 _a377p.
350 _a0.00
650 _aENGLISH LANGUAGE
995 _D0.00
_FCBU-MAIN LIBRARY (Kitwe)
_H1
_I5.50
_M1
_UAVAILABLE
_ZFiction Collection
999 _c39088
_d39088